000 01986nam a2200433 4500
003 EG-GICUC
005 20260121101207.0
008 251110s2025 ua ||||fr|||| 000 0 ara d
040 _aEG-GICUC
_cEG-GICUC
_dEG-GICUC
_erda
_bara
041 0 _aara
_dara
049 _aإيداع
082 0 4 _a343.296
_221
097 _aPh.D
099 _aLaw 05 PHD 2025
100 0 _aمنال محمد احمد السيد الجنزورى
_eمؤلف.
245 1 0 _aجريمة التعارض بين واجبات الوظيفة العامة وبين اعمال الموظف العام الخاصة :
_bدراسة مقارنة /
_cاعداد منال محمد احمد السيد الجنزورى ؛ اشراف عمر محمد سالم.
264 0 _aالقاهرة :
_bكلية الحقوق - جامعة القاهرة,
_c2025.
300 _a572 صفحة :
_billustrations ; إيضاحيات ؛
_c30 cm. +
_eCD.
336 _atext
_2rda content
337 _aComputer
_2rda media
338 _aOnline Resource
_2rda carrier
502 _a أطروحة (دكتوراه)-جامعة القاهرة، 2025.
504 _aيشتمل على إرجاعات بيبليوجرافية: 524-558 صفحة
650 0 4 _aالجرائم المرتبطة بالوظيفة العامة
_2qrmak
653 0 _aالفساد
653 0 _aالمجلس التشريعي
653 0 _aالرشوة
653 0 _aالدولة الوليدة
653 0 _aالعقوبة
655 4 _aرسائل جامعية
_zجامعة القاهرة
700 0 _aعمر محمد سالم
_eAnnotateur
700 0 _aأحمد عوض بلال
_eAnnotateur
700 0 _aمحمد الدسوقي الشهاوي
_eAnnotateur
710 2 _aجامعة القاهرة
_bكلية الحقوق
856 _uhttps://fll.law.cu.edu.eg/fulltext/th/T10-04174.pdf
900 _b01-01-2023
_Uجامعة القاهرة Cairo University
_Fكلية Faculty of
_Dقسم Department of
905 _a31
942 _2ddc
_n0
_cTH
_e21
999 _c42365